Statistics for NFL Miami Dolphins 2021-2022 Active Roster

Click here to take the quiz!

General Stats

  • This quiz has been taken 52 times
  • The average score is 20 of 70

Answer Stats

HintAnswer% Correct
QBTua Tagovailoa
100%
WRJaylen Waddle
77%
CBXavien Howard
75%
WRDeVante Parker
73%
RBMyles Gaskin
68%
QBJacoby Brissett
61%
CBByron Jones
59%
SSBrandon Jones
57%
GRobert Jones
57%
Head CoachBrian Flores
52%
KJason Sanders
45%
FSJevon Holland
45%
WRPreston Williams
45%
CBTrill Williams
45%
WRAlbert Wilson
41%
ILBJerome Baker
39%
RBSalvon Ahmed
39%
GAustin Jackson
36%
RBDuke Johnson
36%
OLBJaelen Phillips
36%
GRobert Hunt
36%
DTRaekwon Davis
34%
WRWill Fuller
34%
SSEric Rowe
32%
TJesse Davis
32%
RBPhillip Lindsay
32%
DEEmmanuel Ogbah
30%
ILBDuke Riley
27%
TEDurham Smythe
27%
TEHunter Long
27%
TLiam Eichenberg
27%
TEAdam Shaheen
25%
ILBElandon Roberts
25%
WRMack Hollins
25%
RBMalcolm Brown
25%
CMichael Deiter
25%
TEMike Gesiki
25%
CBNik Needham
25%
OLBAndrew Van Ginkel
23%
LSBlake Ferguson
23%
CBNoah Igbinoghene
23%
DEZach Sieler
23%
WRIsaiah Ford
20%
DEAdam Butler
18%
TECethan Carter
16%
FSJason McCourty
16%
DTJohn Jenkins
16%
DEChristian Wilkens
14%
TGreg Little
14%
RBPatrick Laird
14%
GSolomon Kindley
14%
WRAllen Hurns
11%
SSClayton Fejedelem
11%
CBJamal Perry
11%
Defensive Cord.Josh Boyer
11%
WRLynn Bowden
11%
OLBBrennan Scarlett
9%
CBElijah Campbell
9%
CGreg Mancz
9%
CBJustin Coleman
9%
TLarnel Coleman
9%
PMichael Palardy
9%
ILBSamuel Eguavoen
7%
ILBCalvin Munson
5%
Co-Offensive Cord.Eric Studesville
5%
Co-Offensive Cord.George Godsey
5%
FSSheldrick Redwine
5%
Special Teams Cord.Danny Crossman
2%
OLBDarius Hodge
2%
OLBVince Biegal
2%

Score Distribution

Percentile by Number Answered

Percent of People with Each Score

Your Score History

You have not taken this quiz